00853nam a2200277Ia 4500008004100000020001800041050001400059100002200073245003200095245005400127245005600181260001900237260001600256260000900272300001500281300002600296300001000322500000900332650002800341650002500369650001900394700002000413700001100433999001900444952011200463181129s9999 xx 000 0 und d a9780545639101 bG653 2013 aGoodman, Susan F. 0aHow do you burp in space? : 4band othe tips every space tourist needs to know / 0cby Susan E. Goodman ; illustrated by Michael Slack. aNew York, NY : bScholastic, c2013 a71 pages : bcolor illustrations ; c22cm. a830L aInterplanetary voyages. aManned space flight. aSpace tourism. aSlack, Michael. aTitle. c359824d359824 001040aSSISMbSSISMcSSISMd2018-11-29l0oLEX G653 2013pSSISM5618r2018-11-29 00:00:00w2018-11-29yLEX